[Event "Bruges op-B"]
[Site "Bruges"]
[Date "2022.08.18"]
[Round "8"]
[White "Turicar, Goran"]
[Black "Cherki, Vincent"]
[Result "0-1"]
[WhiteElo "1749"]
[BlackElo "1573"]
[PlyCount "88"]
[EventDate "2022.08.13"]
[EventType "swiss"]
[EventRounds "9"]
[EventCountry "BEL"]
[SourceTitle "CBM 209 Extra"]
[Source "ChessBase"]
[SourceDate "2022.09.30"]
[SourceVersion "1"]
[SourceVersionDate "2022.09.30"]
[SourceQuality "1"]

1. e4 e5 2. Nf3 Nc6 3. d4 exd4 4. Bc4 Nf6 5. 0-0 Nxe4 6. Re1 d5 7. Bxd5 Qxd5 8. Nc3 Qa5 9. Nxe4 Be6 10. Bg5 h6 11. Bh4 Be7 12. Bxe7 Nxe7 13. Qxd4 0-0 14. Ng3 Rad8 15. Qe4 Rfe8 16. b4 Qd5 17. Qf4 c5 18. a3 Ng6 19. Qe3 Rc8 20. Rad1 Qc4 21. Nd2 Qxc2 22. Rc1 Qa4 23. Rxc5 Rxc5 24. Qxc5 Qxa3 25. h3 Qd3 26. Nf3 Nf4 27. Re3 Qd1+ 28. Kh2 Rc8 29. Qb5 Rc2 30. Re1 Qd6 31. Ne4 Qc7 32. Kg1 Bd5 33. Nc5 Bxf3 34. Nd3 Bc6 35. Qf5 Nxd3 36. Qxd3 Bd7 37. g3 Rc6 38. Re7 Rd6 39. Qf3 Rf6 40. Qd1 Rd6 41. Qf3 Qc1+ 42. Kh2 Rf6 43. Qe2 Bc6 44. Re8+ Kh7 0-1